Statistics for Stephen and Cameron's General Knowledge #2

Click here to take the quiz!

General Stats

  • This quiz has been taken 13 times
  • The average score is 7 of 20

Answer Stats

QuestionAnswer% Correct
If Matt is short for Matthew, then Rat is short for _______?Ratthew
100%
What is the name of the main character in the Halo video game series?Master Chief
75%
Sirius Black is an animagus, so he can magically transform into what animal?Dog
63%
You can catch flies with honey, but you can catch more honeys being ___Fly
63%
You put the ____ in the coconut and drink it all upLime
63%
The Three Emperors League (Dreikaiserbund) was a pre-WWI alliance that attempted to isolate France. It included these empires: Germany, Russia, and _________Austria-Hungary
50%
In what country was Che Guevara killed?Bolivia
50%
In what country will you find the Golden Gai district, known for it's many snug bars?Japan
38%
These cluster of islands are formed by eruptions of volcanoes on the ocean floor.Archipelagos
25%
Who sings the popular pop song "Promiscuous"?Nelly Furtado
25%
What does Craig Robinson's T-shirt say in the comedy "This is The End"?Take yo panties off
25%
Ron is to Jeremy just as Alexis is to ______Texas
25%
Who is the author of the book, "The Name of the Rose"? A story of a historical murder in an Italian monastery in the year 1327.Umberto Eco
25%
In "Tropic Thunder", what beverage does Alpa Chino frequently advertise throughout the film?Booty Sweat
13%
If I am "munching box", then what action am I performing?Cunnilingus
13%
In what game will you find locations such as "Wailing Woods" and "Pleasant Park"?Fortnite
13%
Speaking of honey, what is the German word for honey?Honig
13%
In "It's Always Sunny in Philadelphia", what does Charlie eat on a plane during the Wade Boggs episode?Roast Chicken
13%
What fast food chain sells burgers such as the Big Buster and the Papa Joe?Zips
13%
What is the flight number of the first plane that crashes in the show "Lost"?815
0%

Score Distribution

Percentile by Number Answered

Percent of People with Each Score

Your Score History

You have not taken this quiz